| 000 | 00772nam a22002651 4500 | ||
|---|---|---|---|
| 001 | 10359 | ||
| 003 | BD-RjUL | ||
| 005 | 20211208234936.0 | ||
| 008 | 140123s1964 nyua 001 0 eng | ||
| 035 | _a(BD-RjUL)10407 | ||
| 040 |
_aDLC _cDLC _dBD-RjUL _beng |
||
| 041 | _aeng | ||
| 082 | 0 | 0 |
_a547 _bCRO 1964 |
| 100 | 1 |
_aCram, Donald J. _932017 |
|
| 245 | 1 | 0 |
_aOrganic chemistry / _c[by] Donald J. Cram [and] George S. Hammond. |
| 250 | _a2d ed. , International Student Edition | ||
| 260 |
_aNew York : _bMcGraw-Hill, _cc1964. |
||
| 300 |
_ax, 846 p. : _billus. ; _c24 cm. |
||
| 504 | _aIncludes index. | ||
| 650 | 0 |
_aChemistry, Organic. _932018 |
|
| 700 | 1 |
_aHammond, George S. _d1921- _9228386 |
|
| 942 |
_2ddc _cBK |
||
| 999 |
_c10359 _d10359 |
||